| 000 | 00421 a2200157 4500 | ||
|---|---|---|---|
| 003 | Nust | ||
| 005 | 20170207154213.0 | ||
| 040 | _cNust | ||
| 082 | _a621.31 | ||
| 100 | _aFitzgerald, A.E. | ||
| 245 |
_aElectric Machinery _bAn Integrated Treatment of A-C and D-C Machines _c A.E.Fitzgerald, |
||
| 260 |
_aLondon _bMcGraw-Hill Book Comany _c1952 |
||
| 300 | _a702 p | ||
| 538 | _aAlmirah No.127 | ||
| 651 | _aElectric Machinery | ||
| 942 |
_2ddc _cBK |
||
| 999 |
_c194979 _d194979 |
||